01289nam a2200313 a 4500001001200000003000800012006001900020007001500039008004100054010001700095020004200112020002700154040002100181035002100202050003000223082001800253245012200271260005400393300001800447504004100465533015200506630008100658650001400739655002900753700003300782710001700815856012600832999001700958ebr10569509CaPaEBRm u cr cn|||||||||120412s2012 ne sb 000 0 eng d z 2012015174 z9789004153288 (hardback : alk. paper) z9789004221314 (e-book) aCaPaEBRcCaPaEBR a(OCoLC)79638443414aKZ7180.A61948bG46 2012eb04a345/.025122304aThe genocide conventionh[electronic resource] :bthe legacy of 60 years /cedited by H.G. van der Wilt ... [et al.]. aLeiden ;aBoston :bM. Nijhoff Publishers,c2012. axxxii, 290 p. aIncludes bibliographical references. aElectronic reproduction.bPalo Alto, Calif. :cebrary,d2011.nAvailable via World Wide Web.nAccess may be limited to ebrary affiliated libraries.00aConvention on the Prevention and Punishment of the Crime of Genocided(1948) 0aGenocide. 7aElectronic books.2local1 aWilt, Harmen van der,d1955-2 aebrary, Inc.40uhttp://site.ebrary.com/lib/rucke/Doc?id=10569509zAn electronic book accessible through the World Wide Web; click to view c81899d81899